<?xml version="1.0" encoding="UTF-8"?>
<record
    xmlns:xsi="http://www.w3.org/2001/XMLSchema-instance"
    xsi:schemaLocation="http://www.loc.gov/MARC21/slim http://www.loc.gov/standards/marcxml/schema/MARC21slim.xsd"
    xmlns="http://www.loc.gov/MARC21/slim">

  <leader>05108njm a2200649Ia 4500</leader>
  <controlfield tag="001">E4143</controlfield>
  <controlfield tag="003">IT-RoPAU</controlfield>
  <controlfield tag="005">20220918181109.0</controlfield>
  <controlfield tag="008">131025s9999    xx            000 0 und d</controlfield>
  <datafield tag="040" ind1=" " ind2=" ">
    <subfield code="a">IT-RoPAU</subfield>
  </datafield>
  <datafield tag="040" ind1=" " ind2=" ">
    <subfield code="c">IT-RoPAU</subfield>
  </datafield>
  <datafield tag="999" ind1=" " ind2=" ">
    <subfield code="c">98850</subfield>
    <subfield code="d">98850</subfield>
  </datafield>
  <datafield tag="999" ind1=" " ind2=" ">
    <subfield code="b">n.d.</subfield>
  </datafield>
  <datafield tag="100" ind1=" " ind2=" ">
    <subfield code="a">Bechet Sydney</subfield>
    <subfield code="9">17235</subfield>
  </datafield>
  <datafield tag="100" ind1=" " ind2=" ">
    <subfield code="e">Autore musica</subfield>
    <subfield code="9">31713</subfield>
  </datafield>
  <datafield tag="100" ind1=" " ind2=" ">
    <subfield code="g">Codice autore musica SPICS: 9418</subfield>
    <subfield code="9">17237</subfield>
  </datafield>
  <datafield tag="245" ind1=" " ind2=" ">
    <subfield code="a">Really the Blues</subfield>
  </datafield>
  <datafield tag="250" ind1=" " ind2=" ">
    <subfield code="a">2a ed.</subfield>
  </datafield>
  <datafield tag="260" ind1=" " ind2=" ">
    <subfield code="a">MILANO</subfield>
  </datafield>
  <datafield tag="260" ind1=" " ind2=" ">
    <subfield code="b">RUSCONI</subfield>
    <subfield code="c">1996 [1a Ed.:]</subfield>
  </datafield>
  <datafield tag="300" ind1=" " ind2=" ">
    <subfield code="a">COMPACT DISC</subfield>
  </datafield>
  <datafield tag="300" ind1=" " ind2=" ">
    <subfield code="c">70 minuti (Testo:  pag.)</subfield>
  </datafield>
  <datafield tag="500" ind1=" " ind2=" ">
    <subfield code="a">Musica jazz. Cd fuori commercio allegato al n. 1 1997 della rivista "Musica jazz".</subfield>
  </datafield>
  <datafield tag="505" ind1=" " ind2=" ">
    <subfield code="a">Wild Cat Blues [(New York, 30 luglio 1923) (4:00] - Texas Moaner [(New York, 17 ottobre 1924) (4:00] - In Harlem's Araby [(New York, 17 luglio 1925) (4:00] - (Maple Leaf Rag [(New York, 15 settembre 1932) (3:00] - Blackstick [(New York, 10 febbraio 1938) (3:00] - Really the Blues [(New York, 28 novembre 1938) (4:00] - Summertime [(New York, 8 giugno 1939) (5:00] - High Society [(New York, 14 settembre 1939) (3:00] - Indian Summer [(New York, 5 febbraio 1940) (4:00] - China Boy [(New York, 28 marzo 1940) (4:00] - Wild Man Blues [(New York 4 giugno 1940) (4:00] - Blues In Thirds [(New York, 6 settembre 1940) (3:00]</subfield>
  </datafield>
  <datafield tag="511" ind1=" " ind2=" ">
    <subfield code="a">Morris Thomas: corn; Bechet Sidney: sop; Williams Clarence: p; Christian Buddy: bjo; Clarence Williams' Blue Five</subfield>
  </datafield>
  <datafield tag="511" ind1=" " ind2=" ">
    <subfield code="a">Armstrong Louis: corn; Irvis Charlie: trne; Bechet Sidney: cl, sop; Williams Clarence: p; Christian Buddy: bjo; Clarence Williams' Blue Five</subfield>
  </datafield>
  <datafield tag="511" ind1=" " ind2=" ">
    <subfield code="a">Tr: scon; Nanton Joe: trne; Bechet Sidney: sop; Grainger Porter: p; Speed Samuel: bjo, scon; Batt The Get Happy Band</subfield>
  </datafield>
  <datafield tag="511" ind1=" " ind2=" ">
    <subfield code="a">Ladnier Tommy: tr; Nixon Ted: trne; Bechet Sidney: sop; Duncan Henry: p; Myers Wilson: cb; Morand Morris: batt; The New Orleans Feetwarmers</subfield>
  </datafield>
  <datafield tag="511" ind1=" " ind2=" ">
    <subfield code="a">Brereton Clarence: tr; Bechet Sidney: cl; White Gil: ten; Brooks Harry: p; Miller Jimmy: chit; Jones Jimmy: cb; Spencer O'Nei: batt; Noble Sissle's Swinsters</subfield>
  </datafield>
  <datafield tag="511" ind1=" " ind2=" ">
    <subfield code="a">Ladnier Tommy: tr; Bechet Sidney: cl, sop; Mezzrow Mezz: cl; Jackson Cliff: p; Bunn Teddy: chit; James Elmer: cb; Johnson Manzie: batt; Tommy Ladnier and His Orchestra</subfield>
  </datafield>
  <datafield tag="511" ind1=" " ind2=" ">
    <subfield code="a">Bechet Sidney: sop, lux; Lewis Meade: p; Bunn Teddy: chit; Williams John: cb; Catlett Sidney: batt; Sidney Bechet Quintet</subfield>
  </datafield>
  <datafield tag="511" ind1=" " ind2=" ">
    <subfield code="a">Deparis Sidney: tr; Jones Claude: trne; Nicholas Albert: cl; Bechet Sidney: sop; Caldwell Happy: ten, roll; Morton Jelly: p; Lucie Lawrence: chit; Braud Wellman: cb; Singleton Zutty: batt; Jelly Roll Morton's New Orleans Jazzmen</subfield>
  </datafield>
  <datafield tag="511" ind1=" " ind2=" ">
    <subfield code="a">Bechet Sidney: sop; White Sonny: p; Howard Charlie: chit; Myers Wilson: cb; Clarke Kenny: batt; Sidney Bechet and His New Orleans Feetwarmers</subfield>
  </datafield>
  <datafield tag="511" ind1=" " ind2=" ">
    <subfield code="a">Spanier Muggsy: corn; Bechet Sidney: sop; Mastren Carmen: chit; Braud Wellman: cb; Bechet-Spanier Big Four</subfield>
  </datafield>
  <datafield tag="511" ind1=" " ind2=" ">
    <subfield code="a">De Paris Sidney: tr; Williams Sandy: trne; Bechet Sidney: cl, sop; Jackson Cliff: p; Addison Bernard: chit; Braud Wellman: cb; Catlett Sidney: batt; Sidney Bechet and His New Orleans Feetwarmers</subfield>
  </datafield>
  <datafield tag="511" ind1=" " ind2=" ">
    <subfield code="a">Bechet Sidney: cl; Hines Earl: p; Dodds Baby: batt; Sidney Bechet Trio</subfield>
  </datafield>
  <datafield tag="650" ind1=" " ind2=" ">
    <subfield code="a">JAZZ [COMPACT DISC]</subfield>
    <subfield code="e">Codice MATERIA SPICS: 9949</subfield>
    <subfield code="9">11822</subfield>
  </datafield>
  <datafield tag="700" ind1=" " ind2=" ">
    <subfield code="a">Bechet Sydney</subfield>
    <subfield code="g">Codice interprete SPICS: 9418</subfield>
    <subfield code="e">Interprete</subfield>
    <subfield code="9">31714</subfield>
  </datafield>
  <datafield tag="700" ind1=" " ind2=" ">
    <subfield code="a">Williams Clarence</subfield>
    <subfield code="g">Codice autore musica SPICS: 13039</subfield>
    <subfield code="e">Autore musica</subfield>
    <subfield code="p">Wild Cat Blues - Texas Moaner</subfield>
    <subfield code="9">31715</subfield>
  </datafield>
  <datafield tag="700" ind1=" " ind2=" ">
    <subfield code="a">Wiley T.</subfield>
    <subfield code="g">Codice autore SPICS: 48263</subfield>
    <subfield code="e">Autore</subfield>
    <subfield code="p">Wild Cat Blues</subfield>
    <subfield code="9">31716</subfield>
  </datafield>
  <datafield tag="700" ind1=" " ind2=" ">
    <subfield code="a">Barnes Fred</subfield>
    <subfield code="g">Codice autore SPICS: 43382</subfield>
    <subfield code="e">Autore</subfield>
    <subfield code="p">Texas Moaner</subfield>
    <subfield code="9">31717</subfield>
  </datafield>
  <datafield tag="700" ind1=" " ind2=" ">
    <subfield code="a">Waller Thomas Fats</subfield>
    <subfield code="g">Codice autore musica SPICS: 15948</subfield>
    <subfield code="e">Autore musica</subfield>
    <subfield code="p">In Harlem's Araby</subfield>
    <subfield code="9">31718</subfield>
  </datafield>
  <datafield tag="700" ind1=" " ind2=" ">
    <subfield code="a">Trent J.</subfield>
    <subfield code="g">Codice autore SPICS: 18008</subfield>
    <subfield code="e">Autore</subfield>
    <subfield code="p">In Harlem's Araby</subfield>
    <subfield code="9">31719</subfield>
  </datafield>
  <datafield tag="700" ind1=" " ind2=" ">
    <subfield code="a">Joplin Scott</subfield>
    <subfield code="g">Codice autore musica SPICS: 10786</subfield>
    <subfield code="e">Autore musica</subfield>
    <subfield code="p">Maple Leaf Rag</subfield>
    <subfield code="9">31720</subfield>
  </datafield>
  <datafield tag="700" ind1=" " ind2=" ">
    <subfield code="a">Bechet Sydney</subfield>
    <subfield code="g">Codice autore musica SPICS: 9418</subfield>
    <subfield code="e">Autore musica</subfield>
    <subfield code="p">Blackstick</subfield>
    <subfield code="9">31721</subfield>
  </datafield>
  <datafield tag="700" ind1=" " ind2=" ">
    <subfield code="a">Mezzrow Mezz</subfield>
    <subfield code="g">Codice autore musica SPICS: 13035</subfield>
    <subfield code="e">Autore musica</subfield>
    <subfield code="p">Really the Blues</subfield>
    <subfield code="9">31722</subfield>
  </datafield>
  <datafield tag="700" ind1=" " ind2=" ">
    <subfield code="a">Gershwin George</subfield>
    <subfield code="g">Codice autore musica SPICS: 10668</subfield>
    <subfield code="e">Autore musica</subfield>
    <subfield code="p">Summertime</subfield>
    <subfield code="9">31723</subfield>
  </datafield>
  <datafield tag="700" ind1=" " ind2=" ">
    <subfield code="a">Gershwin Ira</subfield>
    <subfield code="g">Codice autore SPICS: 10501</subfield>
    <subfield code="e">Autore</subfield>
    <subfield code="p">Summertime</subfield>
    <subfield code="9">31724</subfield>
  </datafield>
  <datafield tag="700" ind1=" " ind2=" ">
    <subfield code="a">Steele P.</subfield>
    <subfield code="g">Codice autore musica SPICS: 34019</subfield>
    <subfield code="e">Autore musica</subfield>
    <subfield code="p">High Society</subfield>
    <subfield code="9">31725</subfield>
  </datafield>
  <datafield tag="700" ind1=" " ind2=" ">
    <subfield code="a">Dubin A.</subfield>
    <subfield code="g">Codice autore musica SPICS: 15703</subfield>
    <subfield code="e">Autore musica</subfield>
    <subfield code="p">Indian Summer</subfield>
    <subfield code="9">31726</subfield>
  </datafield>
  <datafield tag="700" ind1=" " ind2=" ">
    <subfield code="a">Herbert Victor</subfield>
    <subfield code="g">Codice autore SPICS: 13880</subfield>
    <subfield code="e">Autore</subfield>
    <subfield code="p">Indian Summer</subfield>
    <subfield code="9">31727</subfield>
  </datafield>
  <datafield tag="700" ind1=" " ind2=" ">
    <subfield code="a">Winfree</subfield>
    <subfield code="g">Codice autore musica SPICS: 27779</subfield>
    <subfield code="e">Autore musica</subfield>
    <subfield code="p">China Boy</subfield>
    <subfield code="9">31728</subfield>
  </datafield>
  <datafield tag="700" ind1=" " ind2=" ">
    <subfield code="a">Bouteljie</subfield>
    <subfield code="g">Codice autore SPICS: 20919</subfield>
    <subfield code="e">Autore</subfield>
    <subfield code="p">China Boy</subfield>
    <subfield code="9">31729</subfield>
  </datafield>
  <datafield tag="700" ind1=" " ind2=" ">
    <subfield code="a">Morton Jelly Roll</subfield>
    <subfield code="g">Codice autore musica SPICS: 10672</subfield>
    <subfield code="e">Autore musica</subfield>
    <subfield code="p">Wild Man Blues</subfield>
    <subfield code="9">31730</subfield>
  </datafield>
  <datafield tag="700" ind1=" " ind2=" ">
    <subfield code="a">Armstrong Louis D.</subfield>
    <subfield code="g">Codice autore SPICS: 10718</subfield>
    <subfield code="e">Autore</subfield>
    <subfield code="p">Wild Man Blues</subfield>
    <subfield code="9">31731</subfield>
  </datafield>
  <datafield tag="700" ind1=" " ind2=" ">
    <subfield code="a">Hines Earl</subfield>
    <subfield code="g">Codice autore musica SPICS: 16156</subfield>
    <subfield code="e">Autore musica</subfield>
    <subfield code="p">Blues In Thirds</subfield>
    <subfield code="9">31732</subfield>
  </datafield>
  <datafield tag="942" ind1=" " ind2=" ">
    <subfield code="c">CD</subfield>
    <subfield code="2">ddc</subfield>
  </datafield>
  <datafield tag="952" ind1=" " ind2=" ">
    <subfield code="0">0</subfield>
    <subfield code="1">0</subfield>
    <subfield code="4">0</subfield>
    <subfield code="6">E_4143_000000000000000</subfield>
    <subfield code="7">1</subfield>
    <subfield code="a">SPICS</subfield>
    <subfield code="b">SPICS</subfield>
    <subfield code="d">2013-10-25</subfield>
    <subfield code="l">0</subfield>
    <subfield code="o">E4143</subfield>
    <subfield code="r">2013-10-25 00:00:00</subfield>
    <subfield code="w">2013-10-25</subfield>
    <subfield code="y">CD</subfield>
    <subfield code="z">Progr. Ins.: 2511 / N.Vol.: 1 / Copie: 1 - Copia rara: n.d. / date import: 01.01.2014 - By Epidotti, Trombetti, Vaglietti</subfield>
  </datafield>
</record>
